[Event "Lone Pine"]
[Site "Lone Pine"]
[Date "1976.??.??"]
[Round "2"]
[White "Bisguier, Arthur Bernard"]
[Black "Fedorowicz, John P"]
[Result "1-0"]
[WhiteElo "2440"]
[BlackElo "2200"]

1.d4 g6 2.c4 d6 3.Nc3 Nd7 4.Bg5 Bg7 5.e4 f6 6.Be3 e5 7.f4 c6 8.Nf3 Nh6 9.h3 O-O
10.Qd2 Nf7 11.Be2 exf4 12.Bxf4 c5 13.Rd1 Re8 14.O-O a6 15.Rfe1 cxd4 16.Nxd4 Nc5
17.Bf1 Ng5 18.Nf3 Nxf3+ 19.gxf3 Ne6 20.Qxd6 Qxd6 21.Bxd6 Ng5 22.Kf2 f5 23.e5 Be6
24.f4 Nf7 25.c5 g5 26.fxg5 Nxg5 27.Bg2 Ra7 28.h4 Nf7 29.Nd5 Rd8 30.Nc7 Bxa2
31.e6 Bf6 32.Kg3 Bxe6 33.Rxe6 Bxb2 34.Bd5 Kh8 35.Rde1 Nxd6 36.cxd6 Ba3 37.Re8+ Rxe8
38.Rxe8+ Kg7 39.Ne6+ Kf7 40.d7  1-0

[Event "Lone Pine"]
[Site "Lone Pine"]
[Date "1976.??.??"]
[Round "4"]
[White "Fedorowicz, John P"]
[Black "Saidy, Anthony Fred"]
[Result "1/2-1/2"]
[WhiteElo "2200"]
[BlackElo "2435"]

1.g3 e5 2.Bg2 Nf6 3.d3 d5 4.Nf3 Nc6 5.O-O Be7 6.c3 O-O 7.Qc2 d4 8.Nbd2 Be6
9.a3 a5 10.cxd4 exd4 11.b3 h6 12.Bb2 Qd7 13.Rfe1 Rfd8 14.Rac1 Bd5 15.Qb1 Ra6
16.Nc4 Bc5 17.Rc2 Nh7 18.h4 Nf8 19.Rec1 b6 20.Ncd2 Ne6 21.Ba1 Qe7 22.Ne4 Bxe4
23.dxe4 Na7 24.a4 Nc6 25.Rd2 f6 26.Qd3 Ra7 27.Bh3 Ne5 28.Nxe5 fxe5 29.Qc4 Re8
30.Rd3 Kh8 31.Rf3 c6 32.Rd1 Nd8 33.Rdd3 Nf7 34.Bf5 Nd6 35.Qc2 Nxf5 36.Rxf5 g6
37.Rff3 h5 38.Bb2 Qe6 39.Bc1 Bf8 40.Bg5 Bg7 41.Rd1 c5 42.Kg2 Raa8 43.Qc4 Qc6
44.Qd5 Re6 45.Rf7 Rd6 46.Qxc6 Rxc6 47.Rc1 Rac8 48.Rc4 R8c7 49.Rxc7 Rxc7 50.Kf1 Kg8
51.Ke1 Kf7 52.Kd2 Ke6 53.Kd3 Rf7 54.f3 Bf6 55.Bd2 Kd7 56.Rc1 Kc6 57.Kc4 Re7
58.Rg1 Re6 59.Rh1 Re7 60.Rf1 Re8 61.Rg1 Re6 62.Bg5 Bxg5 63.hxg5 Re8 64.Rf1 Re7
65.Rh1 Rb7 66.Kd3 b5 67.axb5+ Kxb5 68.f4 Kc6 69.Kc2 exf4 70.gxf4 Re7 71.Kd3 Rb7
72.Kc2 Re7 73.Kd3 Rb7 74.Kc2  1/2-1/2

[Event "Lone Pine"]
[Site "Lone Pine"]
[Date "1976.??.??"]
[Round "5"]
[White "Silman, Jeremy D"]
[Black "Fedorowicz, John P"]
[Result "1-0"]
[WhiteElo "2310"]
[BlackElo "2200"]

1.e4 c5 2.Nf3 d6 3.d4 cxd4 4.Nxd4 Nf6 5.Nc3 g6 6.Be3 Bg7 7.f3 O-O 8.Qd2 Nc6
9.Bc4 Bd7 10.Bb3 Rc8 11.O-O-O Ne5 12.Bg5 Nc4 13.Bxc4 Rxc4 14.Nb3 Rxc3 15.bxc3 Be6
16.e5 Ne8 17.Bh6 Bxe5 18.Bxf8 Kxf8 19.Rhe1 Bf6 20.Rxe6 fxe6 21.Qe3 Qc8 22.Rd3 Nc7
23.Nd4 a6 24.f4 Kg8 25.Qh3 Nd5 26.Qxe6+ Qxe6 27.Nxe6 Nxc3 28.Kd2 Nxa2 29.Rb3 b5
30.Nc7 b4 31.Nd5 a5 32.Nxf6+ exf6 33.Rd3 Nc3 34.Ke3 d5 35.Kd4 Kf7 36.Re3 a4
37.Re1 a3 38.Kc5 a2 39.Ra1 Ke6 40.Kxb4 Ne2 41.g3 Nd4 42.Rxa2 Nf3 43.c3 d4
44.Rf2 Ne1 45.Re2+  1-0

[Event "Lone Pine"]
[Site "Lone Pine"]
[Date "1976.??.??"]
[Round "6"]
[White "Fedorowicz, John P"]
[Black "Evans, Larry D"]
[Result "0-1"]
[WhiteElo "2200"]
[BlackElo "2200"]

1.c4 e5 2.Nc3 Nc6 3.g3 Nf6 4.Bg2 Bb4 5.e3 Bxc3 6.bxc3 d6 7.d3 O-O 8.Ne2 Qe7
9.e4 a6 10.O-O b5 11.cxb5 axb5 12.f4 Nd7 13.f5 f6 14.a3 Qf7 15.g4 Nc5 16.g5 Qb3
17.Qd2 Qf7 18.Rb1 Nb3 19.g6 hxg6 20.fxg6 Qe6 21.Rxb3 Qxb3 22.Rf3 Bg4 23.Rg3 Qe6
24.Qe3 Ne7 25.Bf3 f5 26.exf5 Qxf5 27.Bg2 Nxg6 28.Qg5 Qf2+ 29.Kh1 Qxe2 30.Bd5+ Kh7
31.Rxg4 Rf1+ 32.Rg1 Rxg1+ 33.Qxg1 Rf8 34.Bg2 Nh4 35.Be4+ Kh8  0-1

[Event "Lone Pine"]
[Site "Lone Pine"]
[Date "1977.??.??"]
[Round "2"]
[White "Lein, Anatoly"]
[Black "Fedorowicz, John P"]
[Result "1-0"]
[WhiteElo "2525"]
[BlackElo "2440"]

1.e4 c5 2.Nf3 d6 3.d4 cxd4 4.Nxd4 Nf6 5.Nc3 Nc6 6.Be2 g6 7.O-O Bg7 8.Nb3 O-O
9.Bg5 a5 10.a4 Be6 11.Kh1 Qc8 12.Bxf6 Bxf6 13.Nd5 Bxb2 14.Rb1 Bg7 15.Nb6 Qc7
16.Nxa8 Rxa8 17.Qd2 Nb4 18.c4 b6 19.Nd4 Bd7 20.Nb5 Qc5 21.f4 Rf8 22.Rbc1 Bc6
23.Bf3 Bh6 24.g3 Na6 25.Rb1 Ba8 26.Qe2 Bg7 27.Rfc1 Qc6 28.Rf1 Qc5 29.Bg2 Qc8
30.Rbe1 Nc5 31.Qc2 Nd7 32.h3 Bb7 33.Kh2 Ba8 34.Rb1 Qc5 35.Qe2 Qc8 36.Qd3 Nc5
37.Qc2 Na6 38.Rfc1 Qc5 39.Qe2 Nb4 40.Re1 Kh8 41.Rf1 Kg8 42.h4 Bb7 43.Rbc1 Na6
44.Rb1 Rc8 45.Rfc1 Nb4 46.Qd2 Rf8 47.Nc3 Qd4 48.Qxd4 Bxd4 49.Nd5 Bxd5 50.cxd5 Bc5
51.Rb3 Kg7 52.Bf3 Re8 53.Kg2 e6 54.dxe6 Rxe6 55.g4 Nc6 56.Rd1 Nd4 57.Rbd3 Nc2
58.Kg3 Nb4 59.Rc3 Re7 60.g5 h6 61.Kg4 Re8 62.Rh1 hxg5 63.hxg5 Bd4 64.Rc4 Bc5
65.Rc3 Bd4 66.Rc4 Bc5 67.Rd1 Rh8 68.Kg3 Rb8 69.e5 dxe5 70.fxe5 Re8 71.Kf4 Re7
72.Bg4 Rc7 73.Ke4 Na6 74.Rd7 Rxd7 75.Bxd7 Kf8 76.Rc1 Ba3 77.Rc8+ Kg7 78.e6 Nc5+
79.Kd5 fxe6+ 80.Bxe6 Bc1 81.Rc7+ Kf8 82.Bd7 Bxg5 83.Bb5 Bd8 84.Rh7 Kg8 85.Ra7 Kf8
86.Ke5 Bh4 87.Rh7 Bg5 88.Kd5 Bf4 89.Rh4 Be3 90.Rh3 Bd2 91.Rh8+ Kg7 92.Rb8  1-0

[Event "Lone Pine"]
[Site "Lone Pine"]
[Date "1977.??.??"]
[Round "3"]
[White "Szabo, Laszlo"]
[Black "Fedorowicz, John P"]
[Result "1-0"]
[WhiteElo "2530"]
[BlackElo "2440"]

1.d4 Nf6 2.c4 c5 3.d5 b5 4.cxb5 a6 5.e3 g6 6.Nc3 d6 7.bxa6 Bg7 8.Bb5+ Nbd7
9.Nge2 O-O 10.O-O Bxa6 11.Bxa6 Rxa6 12.Rb1 Qa8 13.b4 cxb4 14.Rxb4 Rc8 15.e4 Ng4
16.h3 Nge5 17.Be3 Nf3+ 18.gxf3 Bxc3 19.Nxc3 Rxc3 20.Qd4 Qc8 21.Rfb1 Rxa2
22.Bh6 f6 23.Rb8 Nxb8 24.Qxc3 Qd8 25.Rb7 Kf7 26.f4 Nd7 27.e5 fxe5 28.fxe5 Nxe5
29.Bg5 Kg8 30.Bxe7 Qe8 31.Qc7 Ra8 32.Qxd6 Nf7 33.Qe6 Qa4 34.Bg5 Rf8 35.Bh6 Qa8
36.Qf6  1-0

[Event "Lone Pine"]
[Site "Lone Pine"]
[Date "1977.??.??"]
[Round "6"]
[White "Martinovsky, Eugene"]
[Black "Fedorowicz, John P"]
[Result "0-1"]
[WhiteElo "2200"]
[BlackElo "2440"]

1.d4 g6 2.Nf3 d6 3.c4 Nd7 4.Nc3 e5 5.e3 Bg7 6.Be2 Ne7 7.O-O O-O 8.b4 a5 9.bxa5 Nf5
10.Bb2 Re8 11.Re1 Rxa5 12.d5 Nb6 13.e4 Nd4 14.Nxd4 exd4 15.Nb5 Rxe4 16.Bd3 Rxe1+
17.Qxe1 Ra4 18.Qe2 Bd7 19.Nxd4 Nxd5 20.Bc2 Rb4 21.Bb3 Nf4 22.Qf3 Be5 23.Re1 c5
24.Rxe5 dxe5 25.Nc2 Bc6 26.Qe3 Nxg2 27.Qe2 Nf4 28.Qxe5 Qd1+ 29.Ne1 Qg4+  0-1

[Event "Lone Pine"]
[Site "Lone Pine"]
[Date "1977.??.??"]
[Round "7"]
[White "Fedorowicz, John P"]
[Black "Henley, Ron W"]
[Result "1/2-1/2"]
[WhiteElo "2440"]
[BlackElo "2200"]

1.c4 Nf6 2.d4 c5 3.d5 e6 4.Nc3 exd5 5.cxd5 d6 6.e4 g6 7.f4 a6 8.e5 Nfd7 9.Nf3 Bg7
10.Ne4 dxe5 11.Nd6+ Kf8 12.Ng5 exf4 13.Ndxf7 Qe7+ 14.Be2 Ne5 15.Nxh8 Qxg5
16.O-O Kg8 17.Bxf4 Qe7 18.d6 Qe6 19.Bxe5 Bxe5 20.Nf7 Bxb2 21.Bg4 Qe3+ 22.Kh1 Nd7
23.Qd5 Bxa1 24.Bxd7 Bxd7 25.Nd8+ Kg7 26.Qf7+ Kh6 27.Qf8+ Kh5 28.Qf7 Rxd8
29.Qxh7+ Kg4 30.Qxg6+ Qg5 31.h3+ Kh4 32.g3+ Kxh3 33.Qxg5 Bc6+ 34.Kg1 Bd4+
35.Rf2 Rh8  1/2-1/2

[Event "Marshall CC"]
[Site "New York"]
[Date "1977.??.??"]
[Round "?"]
[White "Fedorowicz, John P"]
[Black "Biyiasas, Peter"]
[Result "0-1"]
[WhiteElo "2440"]
[BlackElo "2435"]

1.e4 e5 2.Nf3 Nc6 3.Bb5 g6 4.c3 d6 5.d4 Bd7 6.O-O Bg7 7.dxe5 dxe5 8.Be3 Qe7
9.Nbd2 Nf6 10.b4 Nh5 11.Re1 a6 12.Bf1 b6 13.a4 a5 14.b5 Nd8 15.Nc4 f6 16.Bc1 Be6
17.Ne3 Nf7 18.Nd5 Qd7 19.Ba3 Bf8 20.Bc1 Bc5 21.Nd2 O-O 22.Nb3 Bd6 23.Be2 Bxd5
24.Qxd5 Nf4 25.Bxf4 exf4 26.Nd4 Rae8 27.Bc4 Re5 28.Qb7 Kg7 29.Bxf7 Rxf7 30.Rad1 Rc5
31.Rd3 Re7 32.Nc6 Re8 33.Red1 Rxe4 34.h3 Re6 35.Na7 Qe7 36.Nc8 Re1+ 37.Kh2 f3+
38.Nxd6 Qe5+ 39.g3 Qe2 40.R3d2 Qf1  0-1

[Event "Marshall CC"]
[Site "New York"]
[Date "1977.??.??"]
[Round "?"]
[White "Fedorowicz, John P"]
[Black "Regan, Kenneth"]
[Result "1-0"]
[WhiteElo "2440"]
[BlackElo "2375"]

1.g3 d5 2.Bg2 e5 3.d3 c6 4.Nf3 Bd6 5.O-O Nf6 6.Nc3 O-O 7.e4 dxe4 8.dxe4 b5
9.a3 a5 10.Nh4 Ba6 11.Re1 Bc5 12.Qf3 Nbd7 13.Bh3 Qc7 14.Bg5 h6 15.Bd2 Nh7
16.Bxh6 gxh6 17.Qg4+ Ng5 18.Qxd7 Qb6 19.Qg4 Bc8 20.Nf5 Bxf5 21.exf5 Bxf2+
22.Kh1 Bxe1 23.Rxe1 f6 24.Bg2 Kh8 25.Qh5 Qf2 26.Qxh6+ Nh7 27.Qc1 b4 28.Rf1 Qd4
29.Rd1 Qg4 30.Ne4 Rad8 31.Nd6 Qg7 32.Rd3 Qc7 33.Qd2 Rd7 34.axb4 axb4 35.h3 c5
36.b3 Rb8 37.Bf3 Rb6 38.Ne4 Rd4 39.h4 Ra6 40.Kh2 Ra2 41.Be2 Qc6 42.Rxd4 exd4
43.Nf2 Qd5 44.Qd3 Qe5 45.Ng4 Qe7 46.Qc4 Kg7 47.Bd3 Nf8 48.h5 Ra1 49.Qd5 Qe8
50.h6+ Kh8 51.Nxf6  1-0

[Event "Marshall CC"]
[Site "New York"]
[Date "1977.??.??"]
[Round "?"]
[White "Feuerstein, Arthur William"]
[Black "Fedorowicz, John P"]
[Result "1/2-1/2"]
[WhiteElo "2365"]
[BlackElo "2440"]

1.d4 Nf6 2.c4 g6 3.g3 Bg7 4.Bg2 O-O 5.Nc3 d6 6.Nf3 Nbd7 7.O-O e5 8.e4 a6
9.Re1 c6 10.a4 a5 11.h3 exd4 12.Nxd4 Nc5 13.Nb3 Nxb3 14.Qxb3 Nd7 15.Bf4 Ne5
16.Rad1 Qe7 17.Kh1 Be6 18.Bf1 Qd7 19.Bxe5 Bxe5 20.f4 Bg7 21.f5 gxf5 22.e5 Qe7
23.exd6 Qg5 24.Ne2 b5 25.Nf4 Bxc4 26.Bxc4 bxc4 27.Qxc4 Qxg3 28.Rg1 Qf3+ 29.Kh2 Rab8
30.Qd4 f6 31.Rd3 Rxb2+ 32.Qxb2 Qxf4+ 33.Rgg3 Kh8 34.Qb6 h5 35.Rd4 Qe5 36.Qa7 Bh6
37.Kg2 f4 38.Rg6 f3+ 39.Kh1 Qe1+ 40.Kh2 Qe3 41.Qe7 Qf2+ 42.Kh1 Qf1+ 43.Kh2 Qf2+
44.Kh1  1/2-1/2

[Event "Marshall CC"]
[Site "New York"]
[Date "1977.??.??"]
[Round "?"]
[White "Fedorowicz, John P"]
[Black "Bisguier, Arthur Bernard"]
[Result "0-1"]
[WhiteElo "2440"]
[BlackElo "2440"]

1.g3 e5 2.Bg2 d5 3.c4 dxc4 4.Na3 Bxa3 5.bxa3 Ne7 6.Nf3 Nbc6 7.Qa4 Qd5 8.O-O b5
9.Qc2 Bb7 10.Bb2 e4 11.Ne1 Nd4 12.Bxd4 Qxd4 13.Rb1 a6 14.a4 Bc6 15.d3 O-O
16.dxc4 Qxc4 17.axb5 axb5 18.Qxc4 bxc4 19.Nc2 Rxa2 20.Nb4 Rxe2 21.Rfc1 Bb5
22.Nc2 Ba6 23.Nb4 Bb5 24.Nc2 Bd7 25.Nd4 Rd2 26.Rxc4 f5 27.Nb3 Rd6 28.Rxc7 Rb8
29.Bf1 Kf8 30.Nd2 Rxb1 31.Nxb1 Rd1 32.Nc3 Rc1 33.Rxd7 Rxc3 34.Bb5 g5 35.Rd4 Rc1+
36.Kg2 Rc2 37.Kg1 Rc1+ 38.Kg2 Rc2 39.Kg1 g4 40.Bd7 Kf7 41.Rd6 Rc5 42.Be6+ Kg7
43.h3 gxh3 44.Rd2 Kf6 45.Bd7 Rc3 46.Bb5 Ng6 47.Kh2 Ne5 48.Kxh3 Rc1 49.Be2 Nf3
50.Bxf3 exf3 51.Kh2 Rf1 52.Ra2 Ke5 53.Ra5+ Ke4 54.Ra4+ Kd3 55.Rf4 Ke2 56.Rxf5 Rxf2+
57.Kh3 Rg2 58.Rf7 Kf2 59.Rxh7 Rxg3+ 60.Kh2 Rg5 61.Rh8 Rg2+ 62.Kh1 Rg1+ 63.Kh2 Re1
64.Ra8 Kf1 65.Ra3 f2 66.Kg3  0-1

[Event "Lone Pine op"]
[Site "Lone Pine"]
[Date "1978.??.??"]
[Round "4"]
[White "Fedorowicz, John P"]
[Black "Meyer, E."]
[Result "1-0"]
[WhiteElo "2395"]
[BlackElo "2350"]

1.e4 c5 2.Nf3 e6 3.d4 cxd4 4.Nxd4 a6 5.c4 Nf6 6.Nc3 Bb4 7.Bd3 Nc6 8.Bc2 Qc7
9.O-O Ne5 10.f4 Nxc4 11.e5 Bxc3 12.bxc3 Nd5 13.Rf3 b5 14.Qe1 Bb7 15.a4 b4
16.cxb4 Qb6 17.Qd1 Nxb4 18.Rb3 a5 19.Kh1 Bd5 20.Rab1 Qc5 21.Rg3 h5 22.h3 h4
23.Rxg7 O-O-O 24.f5 Rdg8 25.f6 Nxc2 26.Nxc2 Bxg2+ 27.Kxg2 Nxe5 28.Ne3 Rxg7+
29.fxg7 Rg8 30.Rb5 Rxg7+ 31.Kf1 Qc6 32.Qc2 Qxc2 33.Nxc2 Nc6 34.Rg5 Rh7 35.Na3 d5
36.Nb5 Kd7 37.Bb2 f5 38.Ke2 Rf7 39.Rg7 Rxg7 40.Bxg7 e5 41.Bf6 Ke6 42.Bxh4 d4
43.Bf2 Kd5 44.h4 e4 45.h5 d3+ 46.Ke1 f4 47.h6 Ne7 48.h7 Ng6 49.Bb6 e3 50.Bxa5 f3
51.Nc3+ Kc4 52.Nd1 e2 53.Nb2+ Kd4 54.Kd2 Ke4 55.Nxd3 e1=B+ 56.Nxe1 f2 57.Ke2 fxe1=B
58.Bxe1 Ke5 59.a5  1-0

[Event "Lone Pine op"]
[Site "Lone Pine"]
[Date "1978.??.??"]
[Round "6"]
[White "Fedorowicz, John P"]
[Black "Odendahl, Steven M"]
[Result "0-1"]
[WhiteElo "2395"]
[BlackElo "2275"]

1.c4 Nf6 2.Nc3 g6 3.g3 Bg7 4.Bg2 O-O 5.Nf3 d6 6.O-O a6 7.d4 Nc6 8.h3 Rb8
9.Be3 Bd7 10.Nd2 e5 11.d5 Ne7 12.Nb3 Nh5 13.Bd2 f5 14.c5 b6 15.cxd6 cxd6
16.Kh2 Nf6 17.a4 Qc7 18.Rc1 Qb7 19.Bg5 h6 20.Bxf6 Bxf6 21.a5 Rfc8 22.Rc2 Kg7
23.Rd2 Rc4 24.e4 Qc7 25.Qa1 Rb4 26.axb6 Qxb6 27.Na5 Rc4 28.Rfd1 f4 29.Qa3 Bg5
30.Rc2 fxg3+ 31.fxg3 Rf8 32.Rd4 exd4 33.Nxc4 Qc5 34.Qxc5 dxc5 35.Ne5 Be8
36.Nb1 Bb5 37.d6 Nc8 38.d7 Nb6 39.Rxc5 Nxd7 40.Rc7 Rd8 41.Na3 Bf6 42.Nxd7 Bxd7
43.Nc4 Kf8 44.e5 Be7 45.Be4 Be6 46.Bxg6 d3 47.Ne3 d2 48.Bc2 Bg5 49.Nd1 Rd5
50.Rc4 Rxe5 51.Re4 Rc5 52.Rxe6 Rxc2 53.Re2 Bf6 54.Kg2 Bxb2 55.Rf2+ Ke7 56.Ne3 Bd4
57.Nf5+ Kd7 58.Nxd4 d1=Q 59.Nxc2 a5 60.Ne3 Qd3 61.Ng4 Kc7 62.Nxh6 a4 63.h4 a3  0-1

[Event "Lone Pine op"]
[Site "Lone Pine"]
[Date "1978.??.??"]
[Round "7"]
[White "Fedorowicz, John P"]
[Black "Filguth, Rubens A"]
[Result "0-1"]
[WhiteElo "2395"]
[BlackElo "2350"]

1.g3 Nf6 2.Bg2 e6 3.c4 d5 4.Nf3 dxc4 5.Na3 Be7 6.Nxc4 O-O 7.O-O c5 8.d4 Nc6
9.dxc5 Bxc5 10.a3 a6 11.b4 Be7 12.Bb2 Nd5 13.Rc1 Bd7 14.e4 Nf6 15.Qe2 b5
16.Ncd2 Qb6 17.e5 Nd5 18.Ne4 a5 19.Rfd1 axb4 20.Rxd5 exd5 21.Nf6+ Bxf6 22.exf6 bxa3
23.Ba1 Rfe8 24.Qd2 h6 25.fxg7 Na5 26.Ne5 Nb3 27.Nxd7 Nxd2 28.Nxb6 Nb3 29.Rd1 Nxa1
30.Nxa8 Nc2 31.Nc7 Re7 32.Nxd5 Ra7 33.Ne3 Nxe3 34.fxe3 b4 35.Ra1 b3 36.Bd5 b2
37.Rb1 a2 38.Bxa2 Rxa2 39.Kf2 Kxg7 40.Ke2 Kf6 41.Kd2 Ke5 42.Kc2 f5 43.Kb3 Ra7
44.Rxb2 Rb7+ 45.Kc3 Rxb2 46.Kxb2 Ke4 47.Kc3 Kxe3 48.Kc4 Ke4 49.Kc5 h5 50.Kd6 h4
51.Ke6 h3 52.Kf6 f4 53.gxf4 Kxf4 54.Ke6 Kf3 55.Ke5 Kg2  0-1

[Event "Brighton"]
[Site "Brighton"]
[Date "1979.??.??"]
[Round "?"]
[White "MacDonald Ross, Michael"]
[Black "Fedorowicz, John P"]
[Result "1/2-1/2"]
[WhiteElo "2265"]
[BlackElo "2405"]

1.d4 Nf6 2.Nf3 g6 3.Bf4 Bg7 4.e3 O-O 5.h3 d5 6.Nbd2 c5 7.c3 Nc6 8.Qb3 c4
9.Qd1 Qb6 10.b3 cxb3 11.Qxb3 Bf5 12.Be2 Ne4 13.g4 Nxd2 14.Nxd2 Be6 15.Qxb6 axb6
16.Bc7 Rfc8 17.Bxb6 Nb8 18.Bc5 b6 19.Bb4 Nc6 20.Bd3 Nxb4 21.cxb4 Ra4 22.Ke2 Rxb4
23.Rhb1  1/2-1/2

[Event "Brighton"]
[Site "Brighton"]
[Date "1979.??.??"]
[Round "?"]
[White "Fedorowicz, John P"]
[Black "Whiteley, Andrew J"]
[Result "1/2-1/2"]
[WhiteElo "2405"]
[BlackElo "2370"]

1.d4 d5 2.c4 c6 3.Nc3 Nf6 4.cxd5 cxd5 5.Nf3 Nc6 6.Bf4 e6 7.e3 Be7 8.Bd3 O-O
9.O-O Nh5 10.Bg3 Nxg3 11.hxg3 Bd7 12.Rc1 Qb6 13.Qe2  1/2-1/2

[Event "Brighton"]
[Site "Brighton"]
[Date "1979.??.??"]
[Round "?"]
[White "Fedorowicz, John P"]
[Black "Chandler, Murray G"]
[Result "0-1"]
[WhiteElo "2405"]
[BlackElo "2380"]

1.e4 d6 2.d4 Nf6 3.Nc3 g6 4.Bc4 Bg7 5.Qe2 Nc6 6.e5 Nd7 7.e6 fxe6 8.Nf3 d5
9.Bb5 Nxd4 10.Nxd4 Bxd4 11.h4 c6 12.Bd3 e5 13.h5 e4 14.hxg6 hxg6 15.Rxh8+ Bxh8  0-1

[Event "Brighton"]
[Site "Brighton"]
[Date "1979.??.??"]
[Round "?"]
[White "Fedorowicz, John P"]
[Black "Goodman, David SC"]
[Result "0-1"]
[WhiteElo "2405"]
[BlackElo "2340"]

1.d4 g6 2.c4 Bg7 3.e4 Nc6 4.Be3 e5 5.Nf3 exd4 6.Nxd4 Nge7 7.Nc3 d6 8.Be2 O-O
9.O-O f5 10.exf5 Bxd4 11.Bxd4 Nxf5 12.Be3 Nxe3 13.fxe3 Be6 14.Qd2 Qe7 15.Rxf8+ Rxf8
16.Rf1 Rxf1+ 17.Bxf1 Ne5 18.Nd5 Qf7 19.b3 Bxd5 20.Qxd5 Ng4 21.e4 Kg7 22.Qxf7+ Kxf7
23.h3 Nf6 24.Bd3 Ke6 25.Kf2 Ke5 26.Ke3 c6 27.Bc2 d5 28.exd5 cxd5 29.cxd5 Nxd5+
30.Kf3 b5 31.a3 Kd4 32.h4 Kc3 33.Bd1 Kd2 34.Be2 Nc3 35.Bf1 Kc2 36.Kf4 Kxb3
37.Kg5 Kxa3 38.Kh6 Kb4 39.Kxh7 a5 40.Kxg6 Nd5 41.h5 Nf4+ 42.Kg5 a4 43.h6 Ne6+
44.Kf6 a3  0-1

[Event "Lone Pine op"]
[Site "Lone Pine"]
[Date "1979.??.??"]
[Round "2"]
[White "Sahovic, Dragutin"]
[Black "Fedorowicz, John P"]
[Result "0-1"]
[WhiteElo "2520"]
[BlackElo "2405"]

1.d4 Nf6 2.Nf3 c5 3.Nc3 cxd4 4.Qxd4 Nc6 5.Qh4 e6 6.Bg5 Be7 7.e4 Qc7 8.O-O-O a6
9.Bd3 d6 10.Ne2 h6 11.Kb1 Rg8 12.Bd2 Bd7 13.h3 O-O-O 14.Qg3 Kb8 15.Ned4 e5
16.Nxc6+ Bxc6 17.Rhe1 g5 18.Nh2 h5 19.c4 g4 20.h4 Nd7 21.Nf1 Nc5 22.Bc2 b6
23.b4 Ne6 24.Ne3 Nd4 25.Bd3 Qb7 26.Bc3 Bf6 27.Nd5 Bxd5 28.exd5 Ka7 29.Bxd4 exd4
30.Qf4 Be5 31.Rxe5 dxe5 32.Qxe5 Qd7 33.Qxd4 Qa4 34.Rd2 Qxb4+ 35.Rb2 Qc5 36.Qf6 Rge8
37.Qxf7+ Re7 38.Qf6 Rf8 39.Qc3 Rxf2 40.Rxf2 Qxf2 41.Bc2 Qe1+ 42.Kb2 Qxc3+
43.Kxc3 Re2 44.Bf5 Rxg2 45.d6 Kb8 46.c5 bxc5 47.Kc4 Rf2 48.Be6 g3  0-1

[Event "Lone Pine op"]
[Site "Lone Pine"]
[Date "1979.??.??"]
[Round "4"]
[White "Fedorowicz, John P"]
[Black "Larsen, Bent"]
[Result "1/2-1/2"]
[WhiteElo "2405"]
[BlackElo "2620"]

1.c4 e5 2.Nc3 Nf6 3.Nf3 Nc6 4.d3 g6 5.g3 Bg7 6.Bg2 O-O 7.O-O Re8 8.e4 d6
9.h3 a6 10.Be3 Rb8 11.Rb1 b5 12.cxb5 axb5 13.b4 Be6 14.Qc2 Ne7 15.d4 exd4
16.Nxd4 Bc4 17.Rfd1 Qc8 18.a4 c6 19.Nb3 Be6 20.Kh2 bxa4 21.Na5 d5 22.Bf4 Ra8
23.Nxa4 Nd7 24.Bd6 dxe4 25.Bxe7 Rxe7 26.Qxe4 Qe8 27.Qxc6 Rc8 28.Qb5 Bf5 29.Rbc1 Rb8
30.Qc4 Ne5 31.Qb3 h5 32.Nc6 Nxc6 33.Bxc6 Qf8 34.b5 Re2 35.Qf3 Ra2 36.Nc5 Be5
37.Nd7 Bxd7 38.Rxd7 h4 39.Kh1 hxg3 40.fxg3 Ra3 41.Qf1 Rxg3 42.Bd5 Kh8 43.Rxf7 Qh6
44.Bg2 Qe3 45.Rf8+ Rxf8 46.Qxf8+ Kh7 47.Qe7+  1/2-1/2

[Event "Lone Pine op"]
[Site "Lone Pine"]
[Date "1979.??.??"]
[Round "5"]
[White "Fedorowicz, John P"]
[Black "Sosonko, Gennadi"]
[Result "0-1"]
[WhiteElo "2405"]
[BlackElo "2535"]

1.c4 e5 2.Nc3 Nf6 3.Nf3 Nc6 4.d3 d5 5.cxd5 Nxd5 6.e3 Be7 7.Be2 O-O 8.O-O Be6
9.Qc2 Qd7 10.a3 f5 11.Nxd5 Qxd5 12.b4 a5 13.e4 Qd7 14.b5 Nd4 15.Nxd4 exd4
16.Bf3 Rac8 17.exf5 Bd5 18.Bxd5+ Qxd5 19.Bb2 Qxb5 20.Bxd4 Rxf5 21.Qc3 Qd5
22.Rae1 Bxa3 23.Qxa3 Qxd4 24.Re4 Qc5 25.Qb3+ Qd5 26.Qc3 b6 27.g3 c5 28.Rb1 Rf6
29.Re7 Qd4 30.Qe1 Rcf8 31.Qe3 Qd5 32.f4 h6 33.Qe4 Qd6 34.Rb7 Qd8 35.Re1 Kh8
36.h4 R6f7 37.Rxf7 Rxf7 38.Kh2 Qd6 39.Re2 Rf8 40.f5 b5 41.Kh3 b4 42.Ra2 Qc7
43.Qe6 Rf6 44.Qd5 Rf8 45.Rc2 Rc8 46.Rc4 Qc6 47.Qf7 Qh1+ 48.Kg4 Qd1+ 49.Kh3 Qxd3
50.Rg4 Qf1+ 51.Kh2 Qa1 52.Rg6 Rd8 53.Rd6 Rxd6 54.Qf8+ Kh7 55.Qxd6 Qe1 56.Qxc5 b3
57.f6 Qe2+ 58.Kh3 Qf1+ 59.Kh2 Qxf6 60.Qxa5 Qf2+  0-1

[Event "Lone Pine op"]
[Site "Lone Pine"]
[Date "1979.??.??"]
[Round "6"]
[White "Sigurjonsson, Gudmundur"]
[Black "Fedorowicz, John P"]
[Result "1/2-1/2"]
[WhiteElo "2490"]
[BlackElo "2405"]

1.e4 c5 2.Nf3 d6 3.d4 cxd4 4.Nxd4 Nf6 5.Nc3 a6 6.Be2 e5 7.Nb3 Be7 8.O-O O-O
9.a4 Qc7 10.f4 Nc6 11.Kh1 Nb4 12.Be3 Bd7 13.a5 Bc6 14.Bd3 Rfe8 15.Qd2 Rac8
16.Rae1 Qb8 17.Bg1 Bd7 18.Qf2 Be6 19.Nd2 Ng4 20.Qg3 exf4 21.Qxf4 Ne5 22.Qg3 Bd8
23.Ra1 b5 24.axb6 Bxb6 25.Nd5 Bxd5 26.exd5 Bxg1 27.Rxg1 Nxd5 28.Ne4 f5 29.Nd2 f4
30.Qh3 Nxd3 31.Qxd3 Nb4 32.Qb3+ Kh8 33.Ra4 a5 34.Rxa5 Rxc2 35.Nf3 Rc5 36.Rxc5 dxc5
37.Rd1 h6 38.Rd7 Rd8 39.Qf7 Rxd7 40.Qxd7 Nc2 41.Qc6 Ne3 42.h3 c4 43.Qe6 Qd8
44.Qe4 Qb8 45.Ne5 Qa7  1/2-1/2

[Event "Lone Pine op"]
[Site "Lone Pine"]
[Date "1979.??.??"]
[Round "7"]
[White "Fedorowicz, John P"]
[Black "Benko, Pal C"]
[Result "0-1"]
[WhiteElo "2405"]
[BlackElo "2495"]

1.e4 c6 2.d3 d5 3.Nd2 g6 4.Ngf3 Bg7 5.c3 e5 6.Be2 Ne7 7.O-O O-O 8.b4 a5 9.bxa5 Qxa5
10.Qc2 c5 11.a4 Qc7 12.Re1 b6 13.Bf1 Bb7 14.g3 Nd7 15.Bg2 Bc6 16.Bb2 d4 17.cxd4 exd4
18.Nc4 Ra6 19.Bc1 Qa7 20.Bg5 Nc8 21.Nb2 b5 22.h4 bxa4 23.Bh3 Re8 24.h5 Ncb6
25.hxg6 hxg6 26.Nd2 Bb5 27.f4 f6 28.Bh4 Qc7 29.Nf3 Ra7 30.Nd1 c4 31.Nxd4 Qc5
32.Qf2 g5 33.Nxb5 Qxb5 34.dxc4 Qc5 35.Qxc5 Nxc5 36.Rb1 Nxc4 37.fxg5 fxg5
38.Bxg5 a3 39.Bf1 Ne5 40.Re3 a2 41.Ra1 Nf7 42.e5 Rxe5  0-1

[Event "Lone Pine op"]
[Site "Lone Pine"]
[Date "1979.??.??"]
[Round "8"]
[White "Quinteros, Miguel A"]
[Black "Fedorowicz, John P"]
[Result "1-0"]
[WhiteElo "2545"]
[BlackElo "2405"]

1.Nf3 c5 2.c4 b6 3.Nc3 Bb7 4.e4 d6 5.d4 cxd4 6.Nxd4 Nf6 7.Bd3 g6 8.Be3 Bg7
9.f3 O-O 10.Qd2 Nbd7 11.O-O a6 12.Rac1 e6 13.Rfd1 Re8 14.Bg5 Qb8 15.Bf1 Bf8
16.Kh1 Be7 17.Nc2 Ra7 18.Re1 Ba8 19.Rcd1 Rc7 20.Rc1 Rcc8 21.Red1 Bb7 22.Be3 Ba8
23.Nd4 Ne5 24.b3 Bb7 25.Re1 Ned7 26.Bg5 Rc5 27.Be3 Rcc8 28.Bd3 Ne5 29.Bb1 Bf8
30.Bg5 Ned7 31.Bd3 Be7 32.Rc2 Rc5 33.Be3 Rcc8 34.Bf1 Bf8 35.Rcc1 Be7 36.Red1 Bf8
37.Qf2 Be7 38.Rc2 Bf8 39.Bc1 Rc5 40.Ba3 Rh5 41.h3 Ra5 42.Bb4 Re5 43.Rcd2 Nc5
44.Nc2 d5 45.cxd5 exd5 46.exd5 Rf5 47.Rd4 Bd6 48.Re1 Rd8 49.Qd2 Be5 50.Ne3 Rh5
51.Ng4 Nxg4 52.fxg4 Bxd4 53.Qxd4 Bxd5 54.Qe3 Rh4 55.Nxd5 Rxd5 56.Bc4 Rd7
57.Bc3 Ne6 58.Qf2  1-0

[Event "Lone Pine op"]
[Site "Lone Pine"]
[Date "1979.??.??"]
[Round "9"]
[White "Fedorowicz, John P"]
[Black "Shirazi, Kamran G"]
[Result "1-0"]
[WhiteElo "2405"]
[BlackElo "2370"]

1.c4 e5 2.Nc3 Nf6 3.Nf3 Nc6 4.e3 Bb4 5.Qc2 O-O 6.Nd5 Re8 7.Qf5 d6 8.Nxf6+ gxf6
9.Qh5 d5 10.a3 Bf8 11.d4 dxc4 12.Bxc4 Be6 13.Bd3 h6 14.O-O exd4 15.e4 Qd7
16.h3 Kh7 17.e5+ f5 18.g4 Ne7 19.Nh4 Qd5 20.gxf5 Qb3 21.Bb1 Bc4 22.f6+ Bd3
23.Bxd3+ Qxd3 24.fxe7 Rxe7 25.Nf5 Rae8 26.Bxh6  1-0

[Event "Naleczow"]
[Site "Naleczow"]
[Date "1979.??.??"]
[Round "14"]
[White "Vogt, Lothar"]
[Black "Fedorowicz, John P"]
[Result "1-0"]
[WhiteElo "2500"]
[BlackElo "2405"]

1.e4 c5 2.Nf3 d6 3.d4 cxd4 4.Nxd4 Nf6 5.Nc3 a6 6.Be2 e5 7.Nb3 Be7 8.O-O O-O
9.a4 Nc6 10.Bg5 Be6 11.Bxf6 Bxf6 12.Nd5 Bg5 13.a5 Rc8 14.c4 Ne7 15.Nb6 Rc6
16.Nd2 Ng6 17.g3 Kh8 18.Ra3 Re8 19.Re1 Nf8 20.b4 g6 21.Nf1 f5 22.exf5 gxf5
23.Ne3 Ng6 24.Ned5 Bh6 25.Bf1 Rf8 26.Qh5 Bg7 27.Bg2 e4 28.g4 Ne5 29.Rh3 Bg8
30.gxf5 Nxc4 31.Bxe4 Nxb6 32.axb6 Bd4 33.Nf4 d5 34.Bxd5 Rcf6 35.Bxg8 Rxg8+
36.Ng6+ Rgxg6+ 37.fxg6 Bxf2+ 38.Kh1 Qg8 39.Qxh7+ Qxh7 40.Rxh7+  1-0